Directori de l'esport a Catalunya / direcció, Antoni G. Estrader
Descripción Física:
354 p. ; 30 cm
Otros Autores:
Estrader, Antoni G.
MARC
| LEADER | 00000nam a2200000Ia 4500 | ||
|---|---|---|---|
| 001 | 9010 | ||
| 003 | BGR | ||
| 005 | 20260324175553.0 | ||
| 008 | 160829s9999 xx 000 0 cat d | ||
| 080 | |a P-1-12 | ||
| 245 | |a Directori de l'esport a Catalunya / direcció, Antoni G. Estrader | ||
| 260 | |a Barcelona : |b Club de Publicacions, DL 1987 | ||
| 300 | |a 354 p. ; |c 30 cm | ||
| 590 | |a Amb el patrocini de Diputació de Barcelona. Àrea d'Esports i Joventut. | ||
| 650 | |a Instal·lacions esportives |x Catalunya |x Directoris |9 33032 | ||
| 650 | |a Esports |x Catalunya |x Directoris |9 33033 | ||
| 700 | 1 | |a Estrader, Antoni G. |9 33034 | |
| 710 | 1 | |a Barcelona (Catalunya : Província). |b Diputació |9 52408 | |
| 901 | |a Arxiu | ||
| 942 | |n 1 |2 udc |c MON | ||
| 952 | |0 0 |1 0 |4 0 |6 P112 |7 1 |9 46181 |a Arxiu |b Arxiu |d 2016-12-01 |l 0 |o P-1-12 |p 9010 |r 2016-12-01 00:00:00 |w 2016-12-01 |y ARXIU | ||
| 999 | |c 49683 |d 49683 | ||